| 000 | 00952nam a22002537a 4500 | ||
|---|---|---|---|
| 005 | 20260415090213.0 | ||
| 008 | 260415b |||||||| |||| 00| 0 eng d | ||
| 040 |
_aLC _cUNZA _dUNZA _eRDA |
||
| 050 |
_aZAMB BV 3625 _bAND 1899 |
||
| 100 | _aAnderson-Morshead, A. E. M. | ||
| 245 |
_aThe history of the Universities' Mission to Central Africa, 1859 -1898 / _c,A. E. M. Anderson-Morshead |
||
| 250 | _aSecond edition. | ||
| 260 |
_aLondon : _bThe Universities' Mission to Central Africa. _c1899. |
||
| 300 |
_a494 pages [with various pages ] : _billustrations. |
||
| 504 | _aIncludes an index. | ||
| 610 | _aUniversities' Mission to Central Africa. | ||
| 650 |
_aMissions _xAfrica, Central. |
||
| 650 | _aUniversities' Mission to Central Africa | ||
| 650 |
_aChurch of England _xMissions. |
||
| 650 |
_aMissions _zAfrica, Central. |
||
| 700 | _aYonge, Charlotte, Mary | ||
| 710 | _aUniversities' Mission to Central Africa. | ||
| 942 | _cZAMBIANA | ||
| 999 |
_c216604 _d216604 |
||